Capitales des pays en G - Statistiques

Statistiques générales
  • Ce quiz a été pris 130 fois
  • Le résultat moyen est 7 sur 11
Statistiques - réponses
Pays Capitales % Correct
Grèce Athènes
100%
Guatemala Guatemala
84%
Guinée-Bissau Bissau
79%
Géorgie Tbilissi
70%
Guinée Conakry
63%
Gabon Libreville
63%
Ghana Accra
61%
Guyana Georgetown
57%
Gambie Banjul
50%
Grenade Saint-Georges
45%
Guinée-équatoriale Malabo
37%
Aucun quiz correspondant
Distribution des résultats
% des personnes avec chaque résultat
Percentile par nombre de réponses
Votre historique - résultats
Vous n’avez pas pris ce quiz